000 00460nam a2200181Ia 4500
001 43367
008 140425s9999 xx 000 0 und d
020 _aNA
040 _cPK-LaUMT
082 _aRHC 891.4398
_bABD-H
100 _aAbdussattar Niazi
245 _aHusn-e-guftugoo (Urdu)
_cAbdussattar Niazi
260 _aLahore,Pakistan:
_bQamar Enterprises,
_c2004
300 _a255 p.
546 _aUR
650 _aPakistani literature-Urdu
942 _cBK
999 _c41377
_d41377